Statistiken für Kanada nach Bild

Klicken Sie hier um das Quiz zu spielen!

Allgemein

  • Dieses Quiz wurde 913 mal gespielt
  • Das Durchschnittsergebnis liegt bei 8 aus 20

Antwortstatistiken

Antwort% Korrekt
Niagarafälle
88%
Justin Trudeau
73%
Celine Dion
67%
Biber
61%
Québéc
57%
CN Tower
51%
Schneemobil
46%
RCMP
45%
Lacrosse
41%
Banff-Nationalpark
36%
Poutine
35%
Baffininsel
30%
Oberer See
28%
Montreal Canadiens
26%
Mike Myers
26%
Wayne Gretzky
26%
Calgary Stampede
22%
Whistler
22%
James Cameron
18%
{Parliament} Hill
18%

Verteilung der Resultate

Perzentil nach korrekt beantworteten Fragen

Anzahl Personen mit jedem Resultat

Ihre Resultats-Entwicklung

Sie haben dieses Quiz noch nicht gespielt